00362nam a2200145Ia 4500008004100000020001800041041000800059082001700067100002300084245004200107250000600149260003900155300001300194650000900207210716s2009 xx 000 0 und d a9788131713921 aeng a005.73 KAMA aKamthane, Ashok N. aIntroduction to data structures in c. a1 aNew DelhibPearson Educationc2009 axvii,484 aNone